Martin Bauman /

Guardat en:
Dades bibliogràfiques
Autor principal: Leavitt, David (Autor)
Format: Llibre
Idioma:anglès
Publicat: London : Little, Brown and Company, 2000
Etiquetes: Afegir etiqueta
Sense etiquetes, Sigues el primer a etiquetar aquest registre!

MARC

LEADER 00000nam a22000007i 4500
001 IT\ICCU\LO1\0912162
003 ItRI
005 20251017122041.0
008 050317s2000 xxk|||||| ||||| |||||c
020 |a 0316853658 
040 |b ita  |c Arcigay Viterbo 
041 7 |a eng  |2 ISO-639-2 
100 1 |a Leavitt, David  |0 IT\ICCU\CFIV\008092  |4 aut 
245 1 0 |a Martin Bauman /  |c David Leavitt. 
260 |a London :  |b Little, Brown and Company,  |c 2000 
300 |a 466 p. ;  |c 23 cm. 
942 |2 ddc  |c BK  |n 0 
952 |0 0  |1 0  |2 ddc  |4 0  |6 P__12_000000000000000  |7 0  |9 9749  |a VT  |b VT  |d 2025-10-17  |e Deposito Giordano Piccirilli  |i PIC2  |l 0  |o P.12  |p PIC2  |r 2025-10-17 12:21:04  |w 2025-10-17  |y BK  |z Deposito Giordano Piccirilli 
981 1 |6 z01  |a i   |b xxxe  
982 1 |6 z01  |a n 
999 |c 8133  |d 8133